| 000 | 01679nam a2200541 i 4500 | ||
|---|---|---|---|
| 001 | 22398 | ||
| 003 | KOSZ 005 | ||
| 005 | 20210520110225.0 | ||
| 008 | 990506s1984 pl |000 0 pol | ||
| 015 | _aUWD 1984/3062 | ||
| 020 | _a8306009754 | ||
| 035 | _a991009788799705066 | ||
| 035 | _a(PL-WaBN)b12643786-48omnis_nlop | ||
| 035 | _ab12643786 | ||
| 035 | _a(OCoLC)830249373 | ||
| 035 | _azz2003960283 | ||
| 035 | _a(PL)b0000001264378 | ||
| 035 | _a(EXLNZ-48OMNIS_NETWORK)9910417114205606 | ||
| 040 |
_aWA N _cWA N _dKOSZ 005/HR |
||
| 041 | 0 | _apol | |
| 046 | _k1984 | ||
| 080 | _a001 | ||
| 080 | _a316 | ||
| 080 | _a17 | ||
| 100 | 1 |
_aGoćkowski, Janusz _d(1935-2010) _eAutor |
|
| 245 | 1 | 0 |
_aAutorytety świata uczonych / _cJanusz Goćkowski. |
| 260 |
_aWarszawa : _bPaństwowy Instytut Wydawniczy, _c1984. |
||
| 300 |
_a291, [1] s. ; _c18 cm. |
||
| 336 |
_aTekst _btxt _2rdacontent |
||
| 337 |
_aBez urządzenia pośredniczącego _bn _2rdamedia |
||
| 338 |
_aWolumin _bnc _2rdacarrier |
||
| 380 | _aKsiążki | ||
| 388 | _a1901-2000 | ||
| 388 | _a1945-1989 | ||
| 490 | 1 | _aBiblioteka Myśli Współczesnej | |
| 650 | 7 |
_aNauka _2DBN |
|
| 650 | 7 | _aEtyka | |
| 650 | 7 | _aSocjologia nauki | |
| 650 | 7 | _aAutorytet | |
| 650 | 7 | _aPracownicy naukowi | |
| 658 | _aFilozofia i etyka | ||
| 658 | _aSocjologia i społeczeństwo | ||
| 710 | 2 |
_aPaństwowy Instytut Wydawniczy _4pbl |
|
| 830 | 0 | _aBiblioteka Myśli Współczesnej | |
| 856 |
_uhttp://koha.tu.koszalin.pl/cgi-bin/koha/opac-detail.pl?biblionumber=22398 _yKatalog online BPK |
||
| 942 |
_2UKD _cKS |
||
| 999 |
_c22398 _d22398 |
||